zpět

Detail výsledku týmu

Kozlovka, Hradec Králové

Datum a čas kvízu

24 Celkem bodů Celkový počet nahraných bodů na tomto kvízu bez doplňovacích otázek.
4. Pořadí na kvízu Konečné umístění týmu na tomto kvízu.

Zaznamenané odpovědi

# Otázka Odpověď Body Výsledky
1. V pondělí vstoupila v Česku do... zkušební komisaři (v autoškolách) 0
2. Pražské letiště mělo minulý tý... Nizozemsku 0
3. V pražském Žižkově přibylo sed... Prdlavky 1
4. Premiér v demisi Andrej Babiš... horu Říp 1
5. Charitativní utkání mezi výběr... Ciro Immobile 0
6. Vítězné téma facebookového hla... Limonádový Joe (aneb koňská opera) 0
7. Další otázka se bude týkat zná... Hannibal Lecter 1
8. V roce 2000 se režisér F. A. B... 1D 2A 3B 4C 1
9. „Jedno vám teda povim bejt idi... Forrest Gump 0
10. Podle knih Stephena Kinga byly... 1A 2B 3C 4D 0